Sportovní zařízení v ČR a propagace na sociální síti Facebook
Problematika využitia najrozšírenejšej siete v Českej republike zástupcami športových zariadení. Možnosti a ciele prezentácie športových zariadení na sociálnej siete Facebook. Celkové zhodnotenie využívania Facebooku športovými zariadeniami v Českej republike a nadväznosť na ďalšie projekty.
Guardado en:
| Autor principal: | |
|---|---|
| Formato: | Capítulo de libro |
| Lenguaje: | checo |
| Materias: | |
| Etiquetas: |
Sin Etiquetas, Sea el primero en etiquetar este registro!
|
MARC
| LEADER | 00000nla a2200000 4500 | ||
|---|---|---|---|
| 001 | 0151127 | ||
| 005 | 20231121095014.4 | ||
| 041 | 0 | |a cze | |
| 044 | |a CZ | ||
| 245 | 1 | 0 | |a Sportovní zařízení v ČR a propagace na sociální síti Facebook |c Jiří Kotáb |
| 520 | |a Problematika využitia najrozšírenejšej siete v Českej republike zástupcami športových zariadení. Možnosti a ciele prezentácie športových zariadení na sociálnej siete Facebook. Celkové zhodnotenie využívania Facebooku športovými zariadeniami v Českej republike a nadväznosť na ďalšie projekty. | ||
| 610 | 2 | 0 | |a marketing |
| 610 | 2 | 0 | |a siete sociálne |
| 610 | 2 | 0 | |a šport |
| 610 | 2 | 0 | |a propagácia |
| 610 | 2 | 0 | |a projekty |
| 610 | 2 | 0 | |a Česko |
| 610 | 2 | 0 | |a technológie informačné |
| 610 | 2 | 0 | |a technológie komunikačné |
| 610 | 2 | 0 | |a internet |
| 100 | 1 | |a Kotáb, Jiří | |